[Event "Luxembourg-chT 1415"]
[Site "Luxembourg"]
[Date "2015.03.29"]
[Round "10"]
[White "Kruis, Rudy"]
[Black "Mergen, Mett"]
[Result "1-0"]
[WhiteElo "1890"]
[BlackElo "1671"]
[PlyCount "33"]
[EventDate "2014.10.05"]
[EventType "team-tourn"]
[EventRounds "10"]
[EventCountry "LUX"]
[SourceTitle "EXT 2017"]
[Source "ChessBase"]
[SourceDate "2016.10.25"]
[SourceVersion "1"]
[SourceVersionDate "2016.10.25"]
[SourceQuality "1"]

1. c4 e6 2. g3 c6 3. Bg2 Nf6 4. d4 d5 5. c5 Nbd7 6. Nc3 e5 7. e3 Be7 8. Nge2 exd4 9. exd4 Nf8 10. 0-0 Ng6 11. Re1 0-0 12. Bd2 Re8 13. Qc2 Bd7 14. b4 Qc8 15. a4 a6 16. Qb3 Bf8 17. Bg5 1-0

[Event "Milan Palladino Memorial"]
[Site "Milan"]
[Date "2010.04.02"]
[Round "2"]
[White "Kruis, Rudy"]
[Black "Krstic, Dragan"]
[Result "0-1"]
[WhiteElo "1938"]
[BlackElo "1763"]
[PlyCount "150"]
[EventDate "2010.04.01"]
[EventType "swiss"]
[EventRounds "6"]
[EventCountry "ITA"]
[SourceTitle "EXT 2024"]
[Source "ChessBase"]
[SourceDate "2023.10.10"]
[SourceVersion "1"]
[SourceVersionDate "2023.10.10"]
[SourceQuality "1"]

1. c4 Nf6 2. Nc3 g6 3. Nf3 Bg7 4. d4 0-0 5. e4 d6 6. h3 Nbd7 7. Bd3 e5 8. d5 b6 9. 0-0 Nc5 10. Bc2 h6 11. b4 Ncd7 12. Be3 Ba6 13. Bd3 Qe7 14. Qa4 Bb7 15. Rac1 Rfc8 16. Rfd1 a6 17. Qb3 Rab8 18. Na4 Ba8 19. b5 Nc5 20. Qc2 axb5 21. cxb5 Nxd3 22. Qxd3 Bb7 23. Nc3 Ra8 24. a4 Qd7 25. Rd2 g5 26. Nh2 g4 27. h4 Kh8 28. g3 Rg8 29. Rdc2 Nh5 30. Ne2 Rac8 31. Rc4 Nf6 32. Nf1 Qd8 33. Bd2 Nd7 34. Ne3 Nc5 35. Qc2 h5 36. Nf5 Qf6 37. Bg5 Qg6 38. Ne7 Qh7 39. Nxc8 Bxc8 40. Nc3 f5 41. Be3 Bh6 42. Bxh6 Qxh6 43. Re1 Qf6 44. Rb4 Bd7 45. Re2 Rf8 46. Qd2 Rg8 47. exf5 Bxf5 48. Re3 Qg6 49. Rb2 Ra8 50. Rb4 Rf8 51. Re2 Kh7 52. Rb2 Bd3 53. Re3 Qf5 54. Qd1 Be4 55. Nxe4 Nxe4 56. Qb1 Nc5 57. Qxf5+ Rxf5 58. Ra2 e4 59. Rd2 Re5 60. Rd4 Kg6 61. Kf1 Kf6 62. Ke2 Kf5 63. Ra3 Re8 64. Ke3 Ke5 65. Rc3 Rf8 66. Rxc5 Rf3+ 67. Ke2 dxc5 68. Rc4 Kxd5 69. Rc1 c4 70. Ra1 Kc5 71. a5 bxa5 72. Rxa5 Kb6 73. Ra6+ Kxb5 74. Rh6 Rf5 75. Rh7 Rc5 0-1

[Event "Milan Palladino Memorial"]
[Site "Milan"]
[Date "2010.04.01"]
[Round "1"]
[White "Colovic, Aleksandar"]
[Black "Kruis, Rudy"]
[Result "1-0"]
[WhiteElo "2464"]
[BlackElo "1938"]
[PlyCount "71"]
[EventDate "2010.04.01"]
[EventType "swiss"]
[EventRounds "6"]
[EventCountry "ITA"]
[SourceTitle "EXT 2024"]
[Source "ChessBase"]
[SourceDate "2023.10.10"]
[SourceVersion "1"]
[SourceVersionDate "2023.10.10"]
[SourceQuality "1"]

1. d4 f5 2. g3 Nf6 3. Bg2 Nc6 4. Nf3 e6 5. 0-0 Be7 6. c4 d5 7. b3 0-0 8. Ba3 Ne4 9. e3 Rf6 10. Ne5 Bxa3 11. Nxa3 Nxe5 12. dxe5 Rh6 13. f3 Ng5 14. Nb5 a6 15. Nc3 c6 16. Qd4 a5 17. e4 Qc7 18. exd5 Bd7 19. d6 Qd8 20. Na4 Rc8 21. Qb6 Qxb6+ 22. Nxb6 Rd8 23. c5 Nf7 24. Rfe1 g5 25. Rac1 Nh8 26. Rc4 Ng6 27. Ra4 f4 28. g4 Nf8 29. Rxa5 Rg6 30. Ra7 Rb8 31. Bf1 Rg7 32. Bd3 Bc8 33. Bc4 Kh8 34. b4 h5 35. h3 Kh7 36. a4 1-0

[Event "Kaupthing op-B 1st"]
[Site "Differdange"]
[Date "2007.07.12"]
[Round "7"]
[White "Duenzel, Jonas"]
[Black "Kruis, Rudy"]
[Result "1/2-1/2"]
[WhiteElo "1900"]
[BlackElo "1988"]
[PlyCount "74"]
[EventDate "2007.07.08"]
[EventType "swiss"]
[EventRounds "9"]
[EventCountry "LUX"]
[SourceTitle "EXT 2008"]
[Source "ChessBase"]
[SourceDate "2007.11.25"]
[SourceVersion "1"]
[SourceVersionDate "2007.11.25"]
[SourceQuality "1"]

1. e4 c6 2. d4 d5 3. e5 Bf5 4. Be2 e6 5. Nd2 Qb6 6. c3 Nd7 7. h4 h6 8. g4 Bh7 9. f4 c5 10. Ngf3 0-0-0 11. a3 Ne7 12. b4 cxd4 13. Nxd4 Nc6 14. N2b3 a6 15. Be3 Qc7 16. Rc1 Nb6 17. Nxc6 Qxc6 18. Na5 Qc7 19. Qd4 Nc4 20. Nxc4 dxc4 21. Qxc4 Qxc4 22. Bxc4 Be4 23. Rh2 Be7 24. Ke2 b5 25. Bb3 Kb7 26. Bc2 Bd5 27. Bd4 Rc8 28. Ke3 Bd8 29. Be4 Bxe4 30. Kxe4 Rc4 31. Ke3 Be7 32. Rd1 Rd8 33. f5 Rxc3+ 34. Bxc3 Rxd1 35. f6 gxf6 36. exf6 Bd6 37. Rd2 Rxd2 1/2-1/2